00543cam a22002171 4500001001300000003000400013005001700017008004100034010001700075035002000092040001800112042001200130050001900142100004500161245002800206260001100234300002200245500001700267650002400284999001700308sa 68015518 DLC20260227112644.0890601s1964 ii 000 0 gujo  asa 68015518  a(OCoLC)19795855 aDLCcWaUdDLC apremarc00aGR305.5.G8bJ61 aJodhāṇī, Manubhāī,d1902-1979.10aSoraṭhī vibhūtio. c[1964] a7, 175 p.c18 cm. aIn Gujarati. 0aFolklore, Gujarati. c86491d86491